| 000 | 00538nam a22001817a 4500 | ||
|---|---|---|---|
| 005 | 20241205082230.0 | ||
| 008 | 241205b |||||||| |||| 00| 0 eng d | ||
| 020 | _a9781485140832 | ||
| 041 | _aEnglish | ||
| 082 | _a657 AWA | ||
| 100 | _lEnglish | ||
| 245 |
_aBasic Principles of Legal Accounting in Namibia / _cMR Awarab |
||
| 250 | _aFirst Edition | ||
| 260 |
_aCape Town: _bJuta and Company (Pty) Ltd, _c2022 |
||
| 300 |
_bxix, 176 pages; _c26 cm. |
||
| 650 |
_aLegal practice _bLaw |
||
| 942 |
_cBK _6ALISON_BN_VRIES |
||
| 999 |
_c3272 _d3272 |
||